| 000 | 00742nam a2200193 4500 | ||
|---|---|---|---|
| 003 | CO-ViMGA | ||
| 020 | _a9789587341683 | ||
| 040 |
_aCO-ViMGA _bspa _cCO-ViMGA |
||
| 082 | 0 | 4 |
_a644 _bE91e |
| 245 | 1 | 0 | _aEvaluación y perspectivas de la política pública frente a la salud mental y en particular, de atención al consumo de sustenacias psicoactivas en Colombia / |
| 260 |
_aBogotá : _bInstituto de estudios de Ministerio Público _c2015 |
||
| 300 |
_a148 p. _btablas. |
||
| 500 | _aIncluye índice | ||
| 504 | _aIncluye bibliografía | ||
| 650 | 1 | 4 |
_aJurisprudencia _xSustancias Psiocativas _zColombia _94981 |
| 650 | 1 | 4 |
_aJurispudencia _xSalud _zColombia _94980 |
| 710 |
_aProcuraduria General de la Nación Colombia _94982 |
||
| 942 |
_cBK _2ddc |
||
| 999 |
_c35876 _d35876 |
||